Członkowie rodziny po niemiecku - Statystyki

Ogólne statystyki
  • Ten quiz został rozwiązany 637 razy
  • Średni wynik to 12 z 21
Statystyki odpowiedzi
PL DE % Poprawnych
mama die Mutter
96%
tata der Vater
93%
syn der Sohn
80%
brat der Bruder
78%
siostra die Schwester
74%
rodzice die Eltern
73%
wujek der Onkel
68%
dzieci die Kinder
68%
dziecko das Kind
66%
córka die Tochter
66%
kuzyn der Cousin
63%
kuzynka die Cousine
60%
ciocia die Tante
60%
babcia die Großmutter
54%
dziadek der Großvater
52%
dziadkowie die Großeltern
42%
wnuk der Enkel
40%
wnuczka die Enkelin
38%
rodzeństwo die Geschwister
36%
wnuki die Enkelkinder
22%
krewni die Verwandten
7%
Nie znaleziono quizów pasujących do podanych kryteriów
Rozkład punktacji
Procent ludzi z każdym wynikiem
Percentyl według liczby udzielonych odpowiedzi
Twoja historia wyników
Nie rozwiązałeś tego quizu